000 00432nam a2200169 a 4500
001 0000-9343
003 ELIB.Books
008 110520 0000
035 _a(ELIB.Books)0000-9495
082 _a261.1
_bPow
100 _aPowell, Sidney W.
245 _aWhere are the Peolpe?
260 _bNew York: Abindon- Cokesbury Press
_c0
650 _aSocial Theology
942 _2ddc
_cBK
998 _cbat
_e2011-05-20
999 _c9343
_d9343